000 01619cam a22001814a 4500
005 20250605164402.0
008 250528s ||||||||||||||||||||||||d
035 _a24629
040 _aGR-AtMCL
_bgre
_dGR-AtMCL
_eAACR2
245 1 _aΚατασκευές για την Πρωτομαγιά, την Άνοιξη και το Καλοκαίρι, Κάρτες και Δωράκια για τη Γιορτή της Μητέρας
260 _bΔημιουργικό Εργαστήρι,
_c2012
300 _a60
520 _aΗ Μουσική και οι Κόρες της, Στεφάνι Πρωτομαγιάς, Πρωτομαγιάτικο Στεφάνι με Κορδέλες, Βραβείο Καλύτερης Μανούλας, Κάρτες για τη Γιορτή της Μαμάς Ανθισμένος Κήπος, Κάρτες με Λευκό Χόρτο Συσκευασίας και Καρδιές, Κάρτες Τσαντούλες με Ευχές για τη Γιορτή της Μητέρας, Μανούλα σου Χαρίζω την Καρδούλα μου, Χωνάκι με Χάρτινα Λουλούδια Δωράκι για τη Μητέρα, Γλαστράκι, Λουλούδι με Βάζο, Μελισσούλα, Ανεμόμυλοι, Κιθάρα, Χρυσόψαρο στη Γυάλα, Χταπόδι Μόπιλε, Πρόσκληση Βαρκούλα, Ψαράκια, Καλοκαιρινή Κορνίζα, Μαθαίνοντας Καλούς Τρόπους.
700 1 _aΒασδέκη Κυριακή
_99498
942 _cCR
999 _c9498
_d9498